Elenca la formazione - Finale UEFA Europa League 2014-2015 - Statistics

Statistiche generali
  • Questo quiz è stato fatto 10 volte
  • Il punteggio medio è 6 su 22
Statistiche sulle risposte
Ruolo Nazione Calciatore % Corretto
Attaccante Colombia Carlos Bacca
100%
Centrocampista Polonia Grzegorz Krychowiak
63%
Attaccante Croazia Nikola Kalinić
63%
Difensore Portogallo Daniel Carriço
50%
Ala Spagna Vitolo
50%
Ala Ucraina Yevhen Konoplyanka
50%
Trequartista Argentina Éver Banega
38%
Ala Spagna José Antonio Reyes
38%
Centrocampista Camerun Stéphane M'Bia
38%
Portiere Spagna Sergio Rico
25%
Difensore Spagna Aleix Vidal
13%
Difensore Francia Benoît Trémoulinas
13%
Difensore Brasile Douglas
13%
Difensore Ucraina Artem Fedetskyi
0%
Portiere Ucraina Denys Bojko
0%
Centrocampista Georgia Jaba K'ank'ava
0%
Difensore Ucraina Jevhen Čeberjačko
0%
Difensore Brasile Léo Matos
0%
Ala Brasile Matheus
0%
Trequartista Ucraina Ruslan Rotan'
0%
Difensore Francia Timothée Kolodziejczak
0%
Centrocampista Ucraina Valerij Fedorčuk
0%
Nessun quiz corrispondente trovato
Distribuzione punteggi
Percentuale di utenti per punteggio
Percentile per numero di risposta
I tuoi punteggi nel tempo
Non hai fatto questo quiz